000 01020nam a2200301 a 4500
008
020 _a3110136716 (pbk.)
049 _aMAIN
090 0 0 _aHD58.7
_bBLU
100 1 _aBlunt, Peter.
245 1 0 _aManaging organisations in Africa :
_breadings, cases and exercises /
_cPeter Blunt, Merrick L. Jones and David Richards.
260 _aBerlin :
_bWalter de Gruyter,
_c1993.
300 _axii, 219 ;
_c23 cm.
440 0 _aDe Gruyter studies in organization ;
_v49
500 _aCompanion volume to Managing organisations in Africa.
504 _aIncludes bibliographical references.
650 0 _aOrganizational behavior
_zAfrica.
650 0 _aManagement
_zAfrica.
650 0 _aOrganizational behavior
_xCase studies.
650 0 _aManagement
_xCase studies.
700 1 _aMerrick, Jones.
700 1 _aRichards, David.
907 _a.b10082281
_b23-04-12
_c14-07-03
003
005 20230123133334.0
040 _cNUST
942 _cBOOKS
_kHD58.7
_mBLU
999 _c146882
_d146882